Hlavné princípy fleet managementu
Riadenie firemného vozového parku. Náklady na vozový park vstupné aj priebežné. Vlastná prevádzka verzus outsourcing. Jedenásť pravidiel fleet manažmentu.
Saved in:
| Main Author: | |
|---|---|
| Format: | Book Chapter |
| Language: | Slovak |
| Subjects: | |
| Tags: |
No Tags, Be the first to tag this record!
|
MARC
| LEADER | 00000naa$a2200000$$$4500 | ||
|---|---|---|---|
| 001 | 0058389 | ||
| 005 | 20231108134000.2 | ||
| 041 | 0 | |a slo | |
| 044 | |a SK | ||
| 245 | 1 | 0 | |a Hlavné princípy fleet managementu |c Radek Mužík |
| 520 | |a Riadenie firemného vozového parku. Náklady na vozový park vstupné aj priebežné. Vlastná prevádzka verzus outsourcing. Jedenásť pravidiel fleet manažmentu. | ||
| 610 | 2 | 0 | |a doprava |
| 610 | 2 | 0 | |a automobily |
| 610 | 2 | 0 | |a park vozový |
| 610 | 2 | 0 | |a manažment |
| 610 | 2 | 0 | |a outsourcing |
| 610 | 2 | 0 | |a služby |
| 610 | 2 | 0 | |a údržba |
| 610 | 2 | 0 | |a opravy |
| 610 | 2 | 0 | |a náklady |
| 100 | 1 | |a Mužík, Radek | |